Том III-2. Термодинамические, оптические и транспортные свойства низкотемпературной плазмы. Часть 1. Оптические свойства низкотемпературной плазмы; Энциклопедия низкотемпературной плазмы

Xehetasun bibliografikoak
Parent link:Энциклопедия низкотемпературной плазмы/ Российская академия наук (РАН); Научный совет по комплексной проблеме "Физика низкотемпературной плазмы"; под ред. В. Е. Фортова. Том III-2. Термодинамические, оптические и транспортные свойства низкотемпературной плазмы. Часть 1. Оптические свойства низкотемпературной плазмы.— , 2004-.— 5-9221-0550-7
Hizkuntza:errusiera
Argitaratua: 2008
Gaiak:
Formatua: MixedMaterials Liburua
KOHA link:https://koha.lib.tpu.ru/cgi-bin/koha/opac-detail.pl?biblionumber=157552

MARC

LEADER 00000nam2a2200000 4500
001 157552
005 20231101221955.0
010 |a 9785803704294 
035 |a (RuTPU)RU\TPU\book\170894 
090 |a 157552 
100 |a 20090409d2008 km y0rusy50 ca 
101 0 |a rus 
102 |a RU 
105 |a a f 001zy 
200 0 |a Том III-2. Термодинамические, оптические и транспортные свойства низкотемпературной плазмы. Часть 1. Оптические свойства низкотемпературной плазмы 
210 |d 2008 
215 |a 784 с.  |c ил. 
320 |a Библиография в конце глав. 
461 1 |0 (RuTPU)RU\TPU\book\84030  |y 5-9221-0550-7  |t Энциклопедия низкотемпературной плазмы  |h Серия Б. Справочные приложения, базы и банки данных  |f Российская академия наук (РАН); Научный совет по комплексной проблеме "Физика низкотемпературной плазмы"; под ред. В. Е. Фортова  |v Том III-2. Термодинамические, оптические и транспортные свойства низкотемпературной плазмы. Часть 1. Оптические свойства низкотемпературной плазмы  |d 2004-   |s Федеральная целевая программа "Интеграция науки и высшего образования России на 2002-2006 годы" 
606 1 |a Плазма низкотемпературная  |2 stltpush  |3 (RuTPU)RU\TPU\subj\67320  |9 83164 
610 1 |a энциклопедии 
610 1 |a оптические свойства 
610 1 |a оптика 
610 1 |a спектроскопия 
610 1 |a неравновесная плазма 
610 1 |a резонасное излучение 
610 1 |a перенос 
610 1 |a замагниченная плазма 
610 1 |a термоядерные ловушки 
610 1 |a распадающаяся плазма 
610 1 |a газовые разряды 
610 1 |a ультрафиолетовые излучения 
610 1 |a газоразрядная плазма 
610 1 |a свет 
610 1 |a источники 
610 1 |a оптическая диагностика 
610 1 |a спектральная диагностика 
610 1 |a пылевая плазма 
675 |a 553.915(031)  |v 3 
801 1 |a RU  |b 63413507  |c 20090409  |g PSBO 
801 2 |a RU  |b 63413507  |c 20091210  |g PSBO 
900 |a Физика и техника низкотемпературной плазмы, плазмохимия, плазменные технологии обработки и модификации свойств материалов 
900 |a Физика и химия газоразрядной плазмы 
942 |c BK 
959 |a 48/20090409  |d 1  |e 2666,67  |f НФ:1